| 000 | 00574nam a22001457a 4500 | ||
|---|---|---|---|
| 005 | 2012021600430.0 | ||
| 020 |
_a8123744382 _c85.00 |
||
| 035 | _aB-165899 | ||
| 037 |
_aDPL _bENG |
||
| 100 |
_aBhargava,G.S. _943215 |
||
| 245 |
_aThe Press in India: _cby G.S.Bhargava _bAn Overview/ |
||
| 260 |
_a New Delhi _bNational Book Trust _c2005 |
||
| 300 |
_a xviii,217p. _c23 cms. |
||
| 942 |
_2ddc _cEN _h079.54 _mBHA |
||
| 999 |
_c63597 _d63597 |
||